000 00182nmm a2200085Ia 4500
008 220120s9999||||xx |||||||||||||||||und||
100 _aChip
245 0 _aPower tools
260 _aOthers
999 _c139918
_d139918